[Event "Regionalliga SW 0708"]
[Site "Bayern"]
[Date "2008.02.17"]
[Round "6.8"]
[White "Lausmann, Mike"]
[Black "Kappes, Dieter"]
[Result "1-0"]
[WhiteElo "1838"]
[BlackElo "1924"]
[PlyCount "121"]
[EventDate "2007.10.21"]
[EventType "team-tourn"]
[EventRounds "9"]
[EventCountry "GER"]
[SourceTitle "EXT 2009"]
[Source "ChessBase"]
[SourceDate "2008.11.26"]
[SourceVersion "1"]
[SourceVersionDate "2008.11.26"]
[SourceQuality "1"]
[WhiteTeam "Unterhaching"]
[BlackTeam "Muenchen Siemens"]
[WhiteTeamCountry "GER"]
[BlackTeamCountry "GER"]

1. d4 Nf6 2. Nf3 g6 3. e3 Bg7 4. Bd3 c5 5. c3 0-0 6. Nbd2 cxd4 7. exd4 b6 8. Qe2 Bb7 9. 0-0 d6 10. Re1 Re8 11. Ne4 Nxe4 12. Bxe4 Qc7 13. Bf4 Nd7 14. Rad1 Bxe4 15. Qxe4 Nf6 16. Qc2 Rac8 17. Qb3 Qc4 18. Nd2 Qxb3 19. axb3 Nd5 20. Be3 f5 21. f3 e5 22. dxe5 dxe5 23. Nc4 Rcd8 24. Bg5 Rd7 25. Ne3 Nf6 26. Bxf6 Rxd1 27. Rxd1 Bxf6 28. Nd5 Bg5 29. Ra1 Rd8 30. c4 Rd7 31. Re1 Kf7 32. Rxe5 Bf6 33. Re2 Bd4+ 34. Kf1 a5 35. Ke1 Bc5 36. Kd2 Bb4+ 37. Kd3 Bc5 38. Kc3 Bg1 39. g3 b5 40. b4 axb4+ 41. Kxb4 bxc4 42. Kxc4 Rd6 43. b4 Rc6+ 44. Kb3 Rd6 45. Kc4 Rc6+ 46. Kb5 Rd6 47. Nc7 Rb6+ 48. Ka5 Rd6 49. Na6 Bb6+ 50. Kb5 Bd8 51. Nc5 Rb6+ 52. Kc4 Be7 53. b5 Rb8 54. Re5 Bd6 55. Rd5 Ke7 56. Nb3 Rc8+ 57. Nc5 Rb8 58. Kb4 Ra8 59. b6 Ra1 60. Kb5 Bxc5 61. Kxc5 1-0